01561 a2200277 45000010006000000050017000060080041000230030015000640400040000790800038001192450077001570200022002342640030002563000019002865050703003050410008010081000021010167000021010377000023010587000023010817000020011047000020011247000020011447000020011648560099011844505220260407155725.0260407a2011 arg spa dAR-UNSa-BCEJYS aAR-UNSa-BCEJYSbspacAR-UNSa-BCEJYS a331.5xMercado de Trabajo. Empleo10aTrabajadores independientes, mercado laboral e informalidad en Argentina a978-92-2-324294-7 1aBuenos Aires :bOITc2011 a235 p.c30 cm. a1. Empleo independiente : motivaciones para su análisis y principales hallazgos / Fabio Bertranou y Roxana Maurizio – 2. Hipótesis y evidencia empírica sobre el empleo independiente / Fabio Bertranou y Roxana Maurizio – 3. Caracterización del trabajo independiente en Argentina. Un análisis descriptivo de largo plazo, 1974 – 2009 / Maribel Jiménez – 4. La informalidad en el trabajo independiente: ¿ escape o exclusión ? – 5. Movilidad ocupacional de los trabajadores independientes en Argentina. Un análisis de su intensidad, características y determinantes / Roxana Maurizio – 6. El trabajo independiente en los registros de la Seguridad Social / Hernán Ruffo.  aspa1 aMaurizio, Roxana1 aBertranou, Fabio1 aContartese, Daniel1 aJimenéz, Maribel1 aMazorra, Ximena1 aRuffo, Hernán1 aSchachtel, Lila1 aSchleser, Diego41uhttps://www.biblioeco.unsa.edu.ar/pmb/images/libros/L127074.jpgyImagen de portadaqimage/jpeg